[Event "Saarland-ch MB 87th"]
[Site "Voelklingen"]
[Date "2012.04.03"]
[Round "5"]
[White "Hoefer, Michael"]
[Black "Grewenig, Rolf"]
[Result "1-0"]
[WhiteElo "1430"]
[BlackElo "2042"]
[PlyCount "81"]
[EventDate "2012.03.30"]
[EventType "swiss"]
[EventRounds "6"]
[EventCountry "GER"]
[SourceTitle "EXT 2013"]
[Source "ChessBase"]
[SourceDate "2012.11.22"]
[SourceVersion "1"]
[SourceVersionDate "2012.11.22"]
[SourceQuality "1"]

1. c4 Nf6 2. d3 e5 3. Bg5 Nc6 4. Nc3 Be7 5. Bxf6 Bxf6 6. g3 0-0 7. Bg2 Nd4 8. e3 Ne6 9. Nge2 c6 10. 0-0 d6 11. b4 Ng5 12. f4 Nh3+ 13. Kh1 exf4 14. gxf4 Bg4 15. Bf3 h5 16. d4 Bh4 17. Ng3 f5 18. Kg2 g6 19. d5 Qe7 20. Qd3 Rac8 21. dxc6 bxc6 22. Rad1 Rfd8 23. Bxg4 hxg4 24. Nxf5 gxf5 25. Qxf5 Qg7 26. Ne4 d5 27. Qe6+ Kh7 28. Nd6 Rxd6 29. Qxd6 Qb2+ 30. Kh1 Nf2+ 31. Rxf2 Qxf2 32. Qd7+ Kh6 33. Qe6+ Kh5 34. Qf5+ Kh6 35. Qe6+ Kh7 36. Qxg4 Bg5 37. Rg1 Rg8 38. fxg5 Rg6 39. Qf4 Qxa2 40. Qf7+ Rg7 41. g6+ 1-0

[Event "Saarland-ch A 85th"]
[Site "Homburg"]
[Date "2010.04.01"]
[Round "7"]
[White "Hoefer, Michael"]
[Black "Holle, Cedric"]
[Result "0-1"]
[WhiteElo "1430"]
[BlackElo "1734"]
[PlyCount "62"]
[EventDate "2010.03.28"]
[EventType "swiss"]
[EventRounds "9"]
[EventCountry "GER"]
[SourceTitle "EXT 2011"]
[Source "ChessBase"]
[SourceDate "2010.11.26"]
[SourceVersion "1"]
[SourceVersionDate "2010.11.26"]
[SourceQuality "1"]

1. e4 e6 2. d4 d5 3. Nc3 Nf6 4. Bg5 Be7 5. exd5 exd5 6. Bd3 0-0 7. Nge2 Nbd7 8. 0-0 Bd6 9. Nxd5 Bxh2+ 10. Kh1 Bd6 11. c4 h6 12. Bh4 g5 13. Nxf6+ Nxf6 14. Bg3 Re8 15. Qd2 Bg4 16. Bxd6 Qxd6 17. c5 Qd7 18. f3 Bf5 19. Ng3 Bg6 20. Bc4 Rad8 21. Rad1 Nd5 22. Bxd5 Qxd5 23. f4 Be4 24. Nh5 Qf5 25. Kg1 Qg6 26. g4 gxf4 27. Qxf4 f5 28. Qxc7 Qxg4+ 29. Ng3 Rd7 30. Qf4 Qh3 31. Nxe4 Rxe4 0-1

[Event "Saarland-ch A 85th"]
[Site "Homburg"]
[Date "2010.03.31"]
[Round "6"]
[White "Koch, Arno"]
[Black "Hoefer, Michael"]
[Result "0-1"]
[WhiteElo "1634"]
[BlackElo "1430"]
[PlyCount "70"]
[EventDate "2010.03.28"]
[EventType "swiss"]
[EventRounds "9"]
[EventCountry "GER"]
[SourceTitle "EXT 2011"]
[Source "ChessBase"]
[SourceDate "2010.11.26"]
[SourceVersion "1"]
[SourceVersionDate "2010.11.26"]
[SourceQuality "1"]

1. c4 e5 2. g3 f5 3. Bg2 Nf6 4. Nc3 Bb4 5. a3 Bxc3 6. bxc3 d6 7. d4 0-0 8. Qc2 c6 9. Nh3 h6 10. f3 Be6 11. Nf2 Bxc4 12. Qxf5 exd4 13. cxd4 Re8 14. Ne4 Nbd7 15. 0-0 Qb6 16. Be3 Bxe2 17. Rfb1 Qc7 18. Qg6 Nxe4 19. fxe4 Nf8 20. Qf5 Re7 21. Qf2 Bd3 22. Rb4 a5 23. Rb2 Bxe4 24. Bxe4 Rxe4 25. Rab1 Rb8 26. Qf3 Qe7 27. Bf2 Re6 28. Qc3 Nh7 29. Qxa5 Ng5 30. Qa7 Rf8 31. Rxb7 Qf6 32. R7b2 Nh3+ 33. Kg2 Nxf2 34. h3 Qf5 35. g4 Qf3+ 0-1

[Event "Saarland-ch A 85th"]
[Site "Homburg"]
[Date "2010.03.30"]
[Round "5"]
[White "Hoefer, Michael"]
[Black "Schnur, Bernd"]
[Result "1-0"]
[WhiteElo "1430"]
[BlackElo "1677"]
[PlyCount "126"]
[EventDate "2010.03.28"]
[EventType "swiss"]
[EventRounds "9"]
[EventCountry "GER"]
[SourceTitle "EXT 2011"]
[Source "ChessBase"]
[SourceDate "2010.11.26"]
[SourceVersion "1"]
[SourceVersionDate "2010.11.26"]
[SourceQuality "1"]

1. e4 d5 2. exd5 Qxd5 3. d4 Nf6 4. c4 Qd8 5. Bf4 e6 6. Nf3 Bb4+ 7. Nc3 0-0 8. Bd3 Nc6 9. 0-0 Bd6 10. Bg5 Be7 11. Rc1 h6 12. Bh4 Nb4 13. Bb1 c5 14. a3 cxd4 15. Nxd4 Nc6 16. Nxc6 bxc6 17. Qc2 g6 18. Bxf6 Bxf6 19. Ne4 Bg7 20. Rfd1 Qb6 21. Nd6 Qxb2 22. Qe4 Bd7 23. c5 Rab8 24. h4 h5 25. Nc4 Qb7 26. Rd3 e5 27. Nd6 Qb2 28. Rcd1 Rb3 29. Nc4 Qxb1 30. Rxb1 Rxb1+ 31. Kh2 Bf5 32. Qe3 Bxd3 33. Qxd3 Rbb8 34. Qe4 Rbc8 35. Na5 f5 36. Qc4+ Kh7 37. Qe6 Rc7 38. Qd6 Rfc8 39. Nc4 e4 40. Qe6 Rf8 41. Qd6 Rff7 42. Na5 Rfd7 43. Qf4 Re7 44. Qg5 Bd4 45. Nxc6 Red7 46. Nb8 Be5+ 47. g3 Rd3 48. Na6 Rf7 49. c6 Rxa3 50. Nc5 Rc3 51. Nd7 Bg7 52. Qd8 Rxc6 53. Qe8 Rxd7 54. Qxd7 Ra6 55. Qd5 Ra1 56. Kg2 a5 57. f3 exf3+ 58. Kxf3 a4 59. Kf4 a3 60. Kg5 Rg1 61. Qd6 Bh6+ 62. Kf6 Bg7+ 63. Kf7 Rxg3 1-0

[Event "Saarland-ch B"]
[Site "Schiffweiler"]
[Date "2009.04.11"]
[Round "9"]
[White "Hoefer, Michael"]
[Black "Backes, Markus"]
[Result "1/2-1/2"]
[WhiteElo "1433"]
[BlackElo "1550"]
[PlyCount "42"]
[EventDate "2009.04.03"]
[EventType "swiss"]
[EventRounds "9"]
[EventCountry "GER"]
[SourceTitle "EXT 2012"]
[Source "ChessBase"]
[SourceDate "2011.11.24"]
[SourceVersion "1"]
[SourceVersionDate "2011.11.24"]
[SourceQuality "1"]

1. d4 d5 2. Nf3 Nf6 3. c4 e6 4. e3 g6 5. Nc3 Bg7 6. Be2 c6 7. 0-0 0-0 8. Qc2 Nbd7 9. b3 Re8 10. Bb2 Qc7 11. cxd5 exd5 12. Rac1 Nf8 13. Rfe1 Bf5 14. Bd3 Ne4 15. Nxd5 Qd7 16. Nc3 Nd6 17. Na4 Bxd3 18. Qxd3 b6 19. Ne5 Bxe5 20. dxe5 Nb5 21. Qxd7 Nxd7 1/2-1/2

[Event "Saarland-ch B"]
[Site "Schiffweiler"]
[Date "2009.04.04"]
[Round "2"]
[White "Hoefer, Michael"]
[Black "Maier, Gennadi"]
[Result "1-0"]
[WhiteElo "1433"]
[BlackElo "1590"]
[PlyCount "48"]
[EventDate "2009.04.03"]
[EventType "swiss"]
[EventRounds "9"]
[EventCountry "GER"]
[SourceTitle "EXT 2012"]
[Source "ChessBase"]
[SourceDate "2011.11.24"]
[SourceVersion "1"]
[SourceVersionDate "2011.11.24"]
[SourceQuality "1"]

1. e4 e5 2. Nf3 Nf6 3. Bc4 Nc6 4. Ng5 d5 5. exd5 Nxd5 6. Nxf7 Kxf7 7. Qf3+ Ke7 8. Bxd5 Nd4 9. Qf7+ Kd6 10. 0-0 Qe7 11. Na3 Qxf7 12. Bxf7 Kc6 13. b3 Bxa3 14. Bxa3 Bf5 15. d3 Kb6 16. Rae1 Nc6 17. f4 exf4 18. Rxf4 g6 19. g4 Bd7 20. d4 Be8 21. Bc5+ Ka6 22. Bc4+ Ka5 23. d5 b5 24. Bf1 Nd8 1-0

[Event "Saarland-ch B"]
[Site "Eppelborn"]
[Date "2008.03.26"]
[Round "6"]
[White "Hoefer, Michael"]
[Black "Schrickel, Horst"]
[Result "1-0"]
[WhiteElo "1433"]
[BlackElo "1693"]
[PlyCount "125"]
[EventDate "2008.03.14"]
[EventType "swiss"]
[EventRounds "7"]
[EventCountry "GER"]
[SourceTitle "EXT 2010"]
[Source "ChessBase"]
[SourceDate "2010.11.25"]
[SourceVersion "1"]
[SourceVersionDate "2010.11.25"]
[SourceQuality "1"]

1. e4 g6 2. d4 Bg7 3. Nf3 c6 4. c4 d6 5. Nc3 Bg4 6. Be3 Nd7 7. Be2 Qc7 8. Nd2 Bxe2 9. Qxe2 Ngf6 10. f4 e6 11. e5 Ng8 12. Nce4 Bf8 13. exd6 Bxd6 14. Nxd6+ Qxd6 15. Ne4 Qc7 16. 0-0 Ne7 17. Bd2 Nf5 18. Bc3 Rf8 19. g4 Nd6 20. Bb4 c5 21. Nxc5 0-0-0 22. Nxd7 Qxd7 23. Rfd1 Rfe8 24. Rac1 Qa4 25. Ba3 Qa6 26. Qe5 Kd7 27. Qg7 Rg8 28. Qe5 Nxc4 29. Qf6 Nd6 30. Bxd6 Kxd6 31. Qxf7 Qb6 32. Qf6 Rgf8 33. Qe5+ Kd7 34. Rc5 Qd6 35. Qg7+ Ke8 36. Rc7 Rxf4 37. Qg8+ Rf8 38. Qxh7 Rd7 39. Rc8+ Rd8 40. Qxg6+ Kd7 41. Rxd8+ Kxd8 42. Qg5+ Kd7 43. Qe5 Rf4 44. Qxd6+ Kxd6 45. h3 Kd5 46. Kg2 Ke4 47. Re1+ Kd5 48. Re5+ Kd6 49. Re2 Rxd4 50. g5 e5 51. Kg3 Ke6 52. h4 Kf5 53. Rf2+ Kg6 54. Rf6+ Kg7 55. h5 Rd1 56. h6+ Kg8 57. Kg4 Kh7 58. Rf7+ Kg8 59. h7+ Kh8 60. Kh5 e4 61. Kg6 Rd6+ 62. Rf6 Rd8 63. Kh6 1-0

[Event "Saarland-ch B"]
[Site "Eppelborn"]
[Date "2008.03.26"]
[Round "2"]
[White "Hoefer, Michael"]
[Black "Wasylkiewicz, Andrzej"]
[Result "0-1"]
[WhiteElo "1433"]
[BlackElo "1631"]
[PlyCount "128"]
[EventDate "2008.03.14"]
[EventType "swiss"]
[EventRounds "7"]
[EventCountry "GER"]
[SourceTitle "EXT 2010"]
[Source "ChessBase"]
[SourceDate "2010.11.25"]
[SourceVersion "1"]
[SourceVersionDate "2010.11.25"]
[SourceQuality "1"]

1. e4 e5 2. Nf3 Nc6 3. d4 exd4 4. Nxd4 Bc5 5. c3 Qf6 6. Be3 Nge7 7. g3 d6 8. Bg2 Ne5 9. Nd2 Nd3+ 10. Ke2 Ne5 11. h3 0-0 12. f4 N5g6 13. N2f3 d5 14. e5 Qa6+ 15. Qd3 Qxd3+ 16. Kxd3 Bxd4 17. Nxd4 c6 18. g4 Rd8 19. Nf3 f6 20. exf6 gxf6 21. Rhf1 Re8 22. Rae1 b6 23. Kc2 Ba6 24. Rf2 f5 25. g5 Nc8 26. Bf1 Bxf1 27. Rfxf1 Nd6 28. h4 Nc4 29. Bc1 Re4 30. Nd4 Rae8 31. Rxe4 fxe4 32. h5 c5 33. hxg6 cxd4 34. gxh7+ Kxh7 35. cxd4 Rf8 36. Rh1+ Kg6 37. b3 Na5 38. Rh6+ Kg7 39. Rd6 Rf5 40. Rd7+ Kg6 41. Rxa7 Nc6 42. Ra4 Rf8 43. Be3 Rc8 44. Kd2 Ne7 45. Ra7 Nf5 46. Rd7 b5 47. Rb7 Nxe3 48. Kxe3 Rc3+ 49. Ke2 Rd3 50. Rxb5 Rxd4 51. a4 Rd3 52. Rb6+ Kf5 53. g6 Kxf4 54. Rf6+ Ke5 55. g7 Rg3 56. Rf7 d4 57. Kf2 Rg6 58. Re7+ Kd5 59. a5 d3 60. a6 d2 61. Ke2 Rg2+ 62. Kd1 e3 63. a7 Rg1+ 64. Kc2 d1Q+ 0-1

[Event "Saarland-ch B"]
[Site "Eppelborn"]
[Date "2008.03.26"]
[Round "5"]
[White "Sonnhalter, Stella"]
[Black "Hoefer, Michael"]
[Result "1/2-1/2"]
[WhiteElo "1383"]
[BlackElo "1433"]
[PlyCount "39"]
[EventDate "2008.03.14"]
[EventType "swiss"]
[EventRounds "7"]
[EventCountry "GER"]
[SourceTitle "EXT 2010"]
[Source "ChessBase"]
[SourceDate "2010.11.25"]
[SourceVersion "1"]
[SourceVersionDate "2010.11.25"]
[SourceQuality "1"]

1. e4 c5 2. Nf3 Nc6 3. d4 cxd4 4. Nxd4 d6 5. c4 Nf6 6. Nc3 g6 7. Be2 Bg7 8. Nc2 0-0 9. 0-0 a6 10. Be3 Rb8 11. f3 Qc7 12. Rb1 Ne5 13. b3 Bd7 14. Qd2 b5 15. Nb4 Qb7 16. Nbd5 Nxd5 17. Nxd5 Bc6 18. Nb6 Qc7 19. Nd5 Qb7 20. Nb6 1/2-1/2

[Event "Kaupthing op-B 1st"]
[Site "Differdange"]
[Date "2007.07.10"]
[Round "5"]
[White "Hoefer, Michael"]
[Black "Thiebaux, Jean Claude"]
[Result "0-1"]
[WhiteElo "1423"]
[BlackElo "1836"]
[PlyCount "62"]
[EventDate "2007.07.08"]
[EventType "swiss"]
[EventRounds "9"]
[EventCountry "LUX"]
[SourceTitle "EXT 2008"]
[Source "ChessBase"]
[SourceDate "2007.11.25"]
[SourceVersion "1"]
[SourceVersionDate "2007.11.25"]
[SourceQuality "1"]

1. e4 c5 2. Nf3 Nc6 3. d4 cxd4 4. Nxd4 Nf6 5. Nc3 e5 6. Ndb5 d6 7. Bg5 a6 8. Na3 b5 9. Nd5 Be7 10. Bxf6 Bxf6 11. c4 b4 12. Nc2 Rb8 13. b3 Bg5 14. g3 0-0 15. h4 Bh6 16. g4 g6 17. g5 Bg7 18. Be2 a5 19. Qd3 Be6 20. Kd2 Bxd5 21. cxd5 Nd4 22. Nxd4 exd4 23. Rag1 Rc8 24. Qh3 Rc3 25. Bd3 Qc8 26. Qh2 Rxd3+ 27. Kxd3 Qc3+ 28. Ke2 Qc2+ 29. Kf1 Qb1+ 30. Kg2 Qxe4+ 31. Kf1 Rc8 0-1

[Event "GER-ch U14"]
[Site "Willingen"]
[Date "2006.06.08"]
[Round "8"]
[White "Hoefer, Michael"]
[Black "Colpe, Malte"]
[Result "0-1"]
[WhiteElo "1526"]
[BlackElo "1960"]
[PlyCount "36"]
[EventDate "2006.06.03"]
[EventType "swiss"]
[EventRounds "9"]
[EventCountry "GER"]
[SourceTitle "EXT 2007"]
[Source "ChessBase"]
[SourceDate "2006.11.23"]
[SourceVersion "1"]
[SourceVersionDate "2006.11.23"]
[SourceQuality "1"]

1. e4 e5 2. Nf3 Nc6 3. Bc4 Nf6 4. Ng5 d5 5. exd5 Na5 6. Bb5+ c6 7. dxc6 bxc6 8. Be2 h6 9. Nf3 e4 10. Ne5 Bc5 11. 0-0 0-0 12. c3 Bd6 13. Nc4 Nxc4 14. Bxc4 Bxh2+ 15. Kh1 Bc7 16. d4 Qd6 17. g3 Qd7 18. f4 Qh3+ 0-1

[Event "GER-ch U14"]
[Site "Willingen"]
[Date "2006.06.06"]
[Round "5"]
[White "Hoefer, Michael"]
[Black "Steinacker, Alex"]
[Result "0-1"]
[WhiteElo "1526"]
[BlackElo "1605"]
[PlyCount "126"]
[EventDate "2006.06.03"]
[EventType "swiss"]
[EventRounds "9"]
[EventCountry "GER"]
[SourceTitle "EXT 2007"]
[Source "ChessBase"]
[SourceDate "2006.11.23"]
[SourceVersion "1"]
[SourceVersionDate "2006.11.23"]
[SourceQuality "1"]

1. e4 c5 2. Nf3 Nc6 3. d4 cxd4 4. Nxd4 g6 5. Nc3 Bg7 6. Be3 d6 7. Bc4 Nf6 8. 0-0 0-0 9. Qd2 Bd7 10. f4 Rc8 11. Bb3 a6 12. Nxc6 Bxc6 13. Bd5 Nxd5 14. exd5 Bd7 15. Bd4 f6 16. Rae1 Bf5 17. Qe3 Re8 18. Bb6 Qd7 19. Qd2 Bh6 20. h3 g5 21. g4 Bg6 22. f5 Bf7 23. Qf2 Rc4 24. a3 Rec8 25. Qg3 Bg7 26. Re2 h5 27. Rfe1 Bf8 28. Re4 Rxe4 29. Rxe4 h4 30. Qd3 Kg7 31. Rc4 Bg8 32. Kf2 Bh7 33. Ne4 Rxc4 34. Qxc4 Bxf5 35. gxf5 Qxf5+ 36. Kg2 Qf4 37. Qd3 f5 38. Nf2 Kh6 39. Qf3 Qe5 40. Nd3 Qf6 41. c3 Bg7 42. Be3 Qg6 43. Qf2 Kh7 44. Kh2 Be5+ 45. Kh1 f4 46. Nxf4 Bxf4 47. Bxf4 Qe4+ 48. Kg1 Qxf4 49. Qxf4 gxf4 50. a4 Kg6 51. Kg2 Kf5 52. Kf3 Ke5 53. c4 a5 54. b3 b6 55. Kf2 Ke4 56. Ke2 f3+ 57. Kf2 Kf4 58. Kf1 Kg3 59. Kg1 Kxh3 60. Kf2 Kg4 61. Kf1 Kg3 62. Kg1 f2+ 63. Kf1 h3 0-1

[Event "GER-ch U12"]
[Site "Willingen"]
[Date "2005.05.16"]
[Round "4"]
[White "Hoefer, Michael"]
[Black "Kotainy, Jens"]
[Result "0-1"]
[WhiteElo "1507"]
[BlackElo "1624"]
[PlyCount "68"]
[EventDate "2005.05.14"]
[EventType "swiss"]
[EventRounds "11"]
[EventCountry "GER"]
[SourceTitle "CBM 106 Extra"]
[Source "ChessBase"]
[SourceDate "2005.07.01"]
[SourceVersion "1"]
[SourceVersionDate "2005.07.01"]
[SourceQuality "1"]

1. e4 c5 2. Nf3 Nc6 3. d4 cxd4 4. Nxd4 Nf6 5. Nc3 e5 6. Nb3 Bb4 7. Bd3 d5 8. exd5 Nxd5 9. Bd2 Bxc3 10. Bxc3 Nxc3 11. bxc3 0-0 12. 0-0 Be6 13. Nc5 Qe7 14. Ne4 Rfd8 15. Qe2 f5 16. Ng3 e4 17. Bc4 Ne5 18. Nxf5 Qf6 19. Bxe6+ Qxe6 20. Qxe4 Rf8 21. Nd4 Qf6 22. Qxb7 Kh8 23. Rae1 g5 24. Qc7 Rae8 25. Qxa7 h5 26. Qc5 Nd3 27. Qf5 Nxe1 28. Qxf6+ Rxf6 29. Nf3 Nxf3+ 30. gxf3 Rxf3 31. Ra1 Rxc3 32. a4 Rxc2 33. a5 Kg7 34. a6 Ra8 0-1

[Event "GER-ch U12"]
[Site "Willingen"]
[Date "2005.05.15"]
[Round "3"]
[White "Nguyen Minh, Thuy"]
[Black "Hoefer, Michael"]
[Result "0-1"]
[WhiteElo "1328"]
[BlackElo "1507"]
[PlyCount "58"]
[EventDate "2005.05.14"]
[EventType "swiss"]
[EventRounds "11"]
[EventCountry "GER"]
[SourceTitle "CBM 106 Extra"]
[Source "ChessBase"]
[SourceDate "2005.07.01"]
[SourceVersion "1"]
[SourceVersionDate "2005.07.01"]
[SourceQuality "1"]

1. e4 c5 2. d4 cxd4 3. c3 dxc3 4. Nxc3 e6 5. Nf3 Nc6 6. a3 Be7 7. Bf4 a6 8. g3 Nf6 9. Qc2 b5 10. Rd1 0-0 11. Be2 Bb7 12. Ng5 e5 13. Be3 h6 14. Nf3 Rc8 15. h4 Na5 16. Qd3 Nc4 17. Bc1 Bc5 18. Qc2 Qb6 19. Bxc4 bxc4 20. Nxe5 Qe6 21. Nf3 Nxe4 22. 0-0 Nxf2 23. Rxf2 Qh3 24. Qe2 Rfe8 25. Qf1 Qxg3+ 26. Qg2 Bxf2+ 27. Kf1 Bxf3 28. Qxg3 Bxg3 29. Ne4 Rxe4 0-1

[Event "Saarland-ch B"]
[Site "Saarlouis Steinrausch"]
[Date "2005.03.25"]
[Round "8"]
[White "Hoefer, Michael"]
[Black "Kemmer, Josef"]
[Result "1/2-1/2"]
[WhiteElo "1254"]
[BlackElo "1567"]
[PlyCount "46"]
[EventDate "2005.03.18"]
[EventType "swiss"]
[EventRounds "9"]
[EventCountry "GER"]
[SourceTitle "EXT 2012"]
[Source "ChessBase"]
[SourceDate "2011.11.24"]
[SourceVersion "1"]
[SourceVersionDate "2011.11.24"]
[SourceQuality "1"]

1. d4 Nf6 2. Nf3 e6 3. c4 d5 4. Nc3 Be7 5. Bf4 c6 6. e3 Nbd7 7. Bd3 b6 8. cxd5 exd5 9. 0-0 0-0 10. a3 Bb7 11. b4 Re8 12. Re1 Bf8 13. Rb1 Ne4 14. Bxe4 dxe4 15. Ne5 Nf6 16. Qc2 Nd5 17. Qb3 f6 18. Nc4 Kh8 19. Bg3 f5 20. Ne5 Qf6 21. Nd7 Qe6 22. Nxd5 cxd5 23. Ne5 b5 1/2-1/2

[Event "Saarland-ch B"]
[Site "Saarlouis Steinrausch"]
[Date "2005.03.21"]
[Round "4"]
[White "Hoefer, Michael"]
[Black "Gnilomedov, Ivan"]
[Result "1-0"]
[WhiteElo "1254"]
[BlackElo "1536"]
[PlyCount "75"]
[EventDate "2005.03.18"]
[EventType "swiss"]
[EventRounds "9"]
[EventCountry "GER"]
[SourceTitle "EXT 2012"]
[Source "ChessBase"]
[SourceDate "2011.11.24"]
[SourceVersion "1"]
[SourceVersionDate "2011.11.24"]
[SourceQuality "1"]

1. d4 d5 2. Nf3 Nf6 3. c4 e6 4. Nc3 c6 5. Bg5 Nbd7 6. e3 Qa5 7. Bxf6 Nxf6 8. Nd2 Qc7 9. Bd3 Be7 10. 0-0 0-0 11. Rc1 Rd8 12. Nf3 dxc4 13. Bxc4 Bd6 14. Bb3 Qe7 15. Bc2 e5 16. dxe5 Bxe5 17. Qe1 Bc7 18. Nd4 Bxh2+ 19. Kxh2 Ng4+ 20. Kg3 c5 21. Nf5 Bxf5 22. Bxf5 Ne5 23. f4 Nc4 24. Ne4 Nxb2 25. Qc3 Na4 26. Qb3 g6 27. Qxa4 gxf5 28. Ng5 Qxe3+ 29. Kh2 b6 30. Qc4 Qe7 31. Rf3 Rd4 32. Qb3 h6 33. Re3 Qc7 34. Nh3 Rad8 35. Rce1 c4 36. Re8+ Kg7 37. Qc3 Qd6 38. Rxd8 1-0

[Event "GER-chT Lands U20"]
[Site "Bad Sulza"]
[Date "2004.11.19"]
[Round "7.7"]
[White "Gharibyan, Harutyun"]
[Black "Hoefer, Michael"]
[Result "1-0"]
[WhiteElo "1466"]
[BlackElo "1279"]
[PlyCount "27"]
[EventDate "2004.11.15"]
[EventType "team-swiss"]
[EventRounds "7"]
[EventCountry "GER"]
[SourceTitle "EXT 2006"]
[Source "ChessBase"]
[SourceDate "2005.11.24"]
[SourceVersion "1"]
[SourceVersionDate "2005.11.24"]
[SourceQuality "1"]

1. e4 c5 2. Nf3 Nc6 3. d4 cxd4 4. Nxd4 g6 5. Nc3 Bg7 6. Be3 Nf6 7. f3 Qb6 8. Nf5 Qxb2 9. Nxg7+ Kf8 10. Ne6+ dxe6 11. Bh6+ Ke8 12. Nb5 Qb4+ 13. Bd2 Qb2 14. Bc3 1-0

[Event "GER-chT Lands U20"]
[Site "Bad Sulza"]
[Date "2004.11.18"]
[Round "5.7"]
[White "Huhnstock, Rico"]
[Black "Hoefer, Michael"]
[Result "1-0"]
[WhiteElo "1371"]
[BlackElo "1279"]
[PlyCount "57"]
[EventDate "2004.11.15"]
[EventType "team-swiss"]
[EventRounds "7"]
[EventCountry "GER"]
[SourceTitle "EXT 2006"]
[Source "ChessBase"]
[SourceDate "2005.11.24"]
[SourceVersion "1"]
[SourceVersionDate "2005.11.24"]
[SourceQuality "1"]

1. e4 e5 2. Nf3 Nc6 3. Bc4 Nf6 4. Ng5 d5 5. exd5 Na5 6. Bb5+ c6 7. dxc6 bxc6 8. Be2 h6 9. Nf3 Bd6 10. 0-0 e4 11. Ne1 0-0 12. d3 exd3 13. Nxd3 Qc7 14. h3 Bb7 15. Bf3 Rad8 16. Qd2 c5 17. Bxb7 c4 18. Bf3 cxd3 19. cxd3 Nc4 20. Qc3 Ne5 21. Qxc7 Nxf3+ 22. gxf3 Bxc7 23. Rd1 Nd5 24. a3 Bf4 25. Nc3 Bxc1 26. Raxc1 Nf4 27. Kh2 Nxd3 28. Rc2 Nb4 29. axb4 1-0

[Event "Saarlouis op 7th"]
[Site "Saarlouis"]
[Date "2004.05.23"]
[Round "7"]
[White "Hoefer, Michael"]
[Black "Wittmer, Holger"]
[Result "0-1"]
[WhiteElo "1143"]
[BlackElo "1000"]
[PlyCount "118"]
[EventDate "2004.05.19"]
[EventType "swiss"]
[EventRounds "7"]
[EventCountry "GER"]
[SourceTitle "EXT 2006"]
[Source "ChessBase"]
[SourceDate "2005.11.24"]
[SourceVersion "1"]
[SourceVersionDate "2005.11.24"]
[SourceQuality "1"]

1. e4 c5 2. Nf3 d6 3. d4 cxd4 4. Nxd4 Nf6 5. Nc3 g6 6. Bg5 Bg7 7. Bc4 0-0 8. 0-0 Nc6 9. Nf3 a6 10. Nd2 b5 11. Bb3 Bb7 12. Be3 Rc8 13. f4 Na5 14. Rc1 Nxb3 15. Nxb3 Nxe4 16. Nxe4 Bxe4 17. c3 Bf5 18. Nd4 Be4 19. Nf3 Bh6 20. Ng5 Bb7 21. Nf3 Re8 22. Qb3 Bxf3 23. Rxf3 e6 24. Rd1 d5 25. Bd4 Bg7 26. Bxg7 Kxg7 27. Rg3 Qb6+ 28. Kf1 Red8 29. Qb4 Rc4 30. Qe7 d4 31. f5 exf5 32. Qe5+ Qf6 33. Qxf6+ Kxf6 34. cxd4 Rcxd4 35. Rxd4 Rxd4 36. Ra3 Ra4 37. Rxa4 bxa4 38. Ke2 Ke5 39. Kd3 Kd5 40. Kc3 a5 41. Kd3 g5 42. g3 h5 43. h4 f6 44. a3 f4 45. hxg5 fxg5 46. gxf4 gxf4 47. Ke2 Ke4 48. Kf2 Kd3 49. Kf3 Kc2 50. Kxf4 Kxb2 51. Kg5 Kxa3 52. Kxh5 Kb2 53. Kg5 a3 54. Kf4 a2 55. Ke5 a1Q 56. Kd5 Qc1 57. Kd4 a4 58. Kd3 a3 59. Kd4 a2 0-1

[Event "Saarlouis op 7th"]
[Site "Saarlouis"]
[Date "2004.05.19"]
[Round "1"]
[White "Hoefer, Michael"]
[Black "Schweitzer, Marc"]
[Result "0-1"]
[WhiteElo "1238"]
[BlackElo "1961"]
[PlyCount "70"]
[EventDate "2004.05.19"]
[EventType "swiss"]
[EventRounds "7"]
[EventCountry "GER"]
[SourceTitle "EXT 2006"]
[Source "ChessBase"]
[SourceDate "2005.11.24"]
[SourceVersion "1"]
[SourceVersionDate "2005.11.24"]
[SourceQuality "1"]

1. e4 Nc6 2. Nf3 d6 3. d4 Nf6 4. Nc3 Bg4 5. Be3 e5 6. Bb5 exd4 7. Bxd4 Be7 8. Bxc6+ bxc6 9. h3 Bh5 10. 0-0 0-0 11. Qd3 c5 12. Bxf6 Bxf6 13. Nd5 Bxb2 14. Rab1 Bf6 15. Nxf6+ Qxf6 16. Rb7 Rfc8 17. Qd5 Bxf3 18. gxf3 c6 19. Qb3 h6 20. Kh2 Re8 21. Rg1 Re7 22. Rxe7 Qxe7 23. Qb2 g6 24. Qc1 Kh7 25. Qf4 Rd8 26. c4 d5 27. exd5 cxd5 28. cxd5 Rxd5 29. Qc1 Rf5 30. f4 Qe4 31. Rg4 h5 32. Rh4 c4 33. Qd1 Qd3 34. Qg1 Qd2 35. Qg3 Qxa2 0-1